Statistics for Disney Channel Girl Character Quiz

Click here to take the quiz!

General Stats

  • This quiz has been taken 108 times
  • The average score is 6 of 15

Answer Stats

HintAnswer% Correct
Wizard living life with powers at a sandwich shopAlex Russo
71%
Daddy owns a hotel - Yay Me!London Tipton
60%
Video diaries are this girls knack!Teddy Duncan
56%
This girl has the best of both worldsMiley Stewart
55%
Aspiring actress hits New YorkJessie Prescott
53%
Singer/Songwriter with stagefrightAlly Dawson
50%
Teenage girl turned superheroKim Possible
48%
Dancer that shakes it upCece Jones
43%
She loves to 'Bust her brothers'Candace Flynn
38%
Psychic powers with a hint of sassRaven Baxter
34%
Dad had his own show before herRiley Matthews
25%
Smart blondie working at a hotelMaddie Fitzpatrick
23%
On her own show- quite randomSonny Munroe
20%
Brain much bigger than her sizeChyna Parks
6%
Just a regular girl next door living life with her bestiesLizzie McGuire
6%

Score Distribution

Percentile by Number Answered

Percent of People with Each Score

Your Score History

You have not taken this quiz